Films de Charlie Chaplin par images - Statistiques

Statistiques générales
  • Ce quiz a été pris 229 fois
  • Le résultat moyen est 5 sur 12
Statistiques - réponses
Par images Réponse % Correct
Le Dictateur
96%
Les Temps modernes
91%
Le Kid
77%
La Ruée vers l'or
57%
Les Lumières de la ville
49%
Le Cirque
37%
Les Feux de la rampe
31%
Monsieur Verdoux
23%
La Comtesse de Hong-Kong
17%
Un roi à New York
14%
L'Opinion publique
8%
Le Vagabond
6%
Aucun quiz correspondant
Distribution des résultats
% des personnes avec chaque résultat
Percentile par nombre de réponses
Votre historique - résultats
Vous n’avez pas pris ce quiz